000 005010000a22001930004500
001 002225
003 MACL
005 20150919180357.0
008 150919b xxu||||| |||| 00| 0 eng d
040 _aMACL
_cMACL
041 _aEnglish
082 _a824/PAN
100 _aPanikkar, K.N.
_912219
245 _aAn Agenda For Culture Action
_bOther Essay
_cK.N. Panikkar
260 _aNew Delhi
_c2006
_bThree Essay Collective,
350 _a200
650 _aEnglish Essay
_98946
942 _k824
_cBK
_2ddc
999 _c14139
_d14139